Μέθοδοι κοινωνικών επιστημών
Αποθηκεύτηκε σε:
| Κύριος συγγραφέας: | |
|---|---|
| Άλλοι συγγραφείς: | |
| Μορφή: | Βιβλίο |
| Γλώσσα: | Greek French |
| Δημοσίευση: |
Αθήνα :
Εθνικό Κέντρο Κοινωνικών Ερευνών,
1988.
|
| Έκδοση: | 2η έκδ. |
| Θέματα: | |
| Ετικέτες: |
Προσθήκη ετικέτας
Δεν υπάρχουν, Καταχωρήστε ετικέτα πρώτοι!
|
MARC
| LEADER | 00000cam a2200000 i 4500 | ||
|---|---|---|---|
| 001 | 1/1810 | ||
| 008 | 950724s1988 gr | ||| |||| ||gre|| | ||
| 035 | |l 10014585 | ||
| 040 | |a GR-MyUA |b gre |e AACR2 | ||
| 041 | 1 | |a gre |h fre | |
| 082 | 0 | |a 300.1 | |
| 100 | 1 | |a Duverger, Maurice. | |
| 245 | 1 | 0 | |a Μέθοδοι κοινωνικών επιστημών / |c Maurice Duverger ; μετάφραση Νίκος Παπαδόδημας. |
| 250 | |a 2η έκδ. | ||
| 260 | |a Αθήνα : |b Εθνικό Κέντρο Κοινωνικών Ερευνών, |c 1988. | ||
| 300 | |a 322 σ. | ||
| 500 | |a Τίτλος πρωτοτύπου: Methodes des sciences sociales. | ||
| 650 | 0 | 0 | |a Social sciences |x Methodology. |
| 700 | 1 | |a Παπαδοδήμας, Νικόλαος, |e trl | |
| 852 | |a INST |b LESVOS |e 19950724 |h 300.1 DUV |p 005100003806 |q 005100003806 |t BK |y 0 |z v.2 | ||
| 852 | |a INST |b LESVOS |e 19950724 |h 300.1 DUV |p 005100007592 |q 005100007592 |t BK |y 0 |z v.2 | ||
| 852 | |a INST |b LESVOS |e 19950724 |h 300.1 DUV |p 005100007593 |q 005100007593 |t BK |y 0 |z v.2 | ||
| 852 | |a INST |b LESVOS |e 19950724 |h 300.1 DUV |p 005100007594 |q 005100007594 |t BK |y 0 |z v.2 | ||
| 852 | |a INST |b LESVOS |e 19950724 |h 300.1 DUV |p 005100014951 |q 005100014951 |t BK |y 0 |z v.2 | ||
| 852 | |a INST |b LESVOS |e 19950724 |h 300.1 DUV |p 005100003806 |q 005100003806 |t BK |v v.2: |y 0 |z v.2 | ||
| 852 | |a INST |b LESVOS |e 19950724 |h 300.1 DUV |p 005100007592 |q 005100007592 |t BK |v v.2: |y 0 |z v.2 | ||
| 852 | |a INST |b LESVOS |e 19950724 |h 300.1 DUV |p 005100007593 |q 005100007593 |t BK |v v.2: |y 0 |z v.2 | ||
| 852 | |a INST |b LESVOS |e 19950724 |h 300.1 DUV |p 005100007594 |q 005100007594 |t BK |v v.2: |y 0 |z v.2 | ||
| 852 | |a INST |b LESVOS |e 19950724 |h 300.1 DUV |p 005100014951 |q 005100014951 |t BK |v v.2: |y 0 |z v.2 | ||
| 853 | |a INST |b LESVOS |h 300.1 DUV | ||
| 909 | |a Λ |b 03049 | ||
| 909 | |a Λ |b 03050 | ||
| 909 | |a Λ |b 03051 | ||
| 909 | |a Λ |b 013940 | ||
| 909 | |a Λ |b 010907 | ||